| Tag |
First Indicator |
Second Indicator |
Subfields |
| LEADER |
00000cam a22000001 4500 |
| 001 |
in00000038477 |
| 005 |
20230822112048.0 |
| 008 |
801113s1966 enk b 000 0 eng |
| 010 |
|
|
|a 66017767
|
| 015 |
|
|
|a GB6624159
|2 bnb
|
| 015 |
|
|
|a B6624159
|
| 016 |
|
|
|a (AMICUS)000003174690
|
| 016 |
7 |
|
|a 1277362
|2 DNLM
|
| 016 |
7 |
|
|a 002054745
|2 Uk
|
| 016 |
7 |
|
|a 009661319
|2 Uk
|
| 019 |
|
|
|a 237840
|a 879470233
|a 976880345
|a 989666732
|a 1128355671
|a 1167357089
|a 1221970535
|a 1229542755
|a 1275985150
|a 1382896720
|
| 020 |
|
|
|a 0826108512
|
| 020 |
|
|
|a 9780826108517
|
| 029 |
0 |
|
|a NLM
|b 1277362
|
| 029 |
1 |
|
|a AU@
|b 000002541424
|
| 029 |
1 |
|
|a AU@
|b 000023104425
|
| 029 |
1 |
|
|a AU@
|b 000027718855
|
| 029 |
1 |
|
|a DEBBG
|b BV000920479
|
| 029 |
1 |
|
|a DEBBG
|b BV001914707
|
| 029 |
1 |
|
|a DEBSZ
|b 000369314
|
| 029 |
1 |
|
|a GBVCP
|b 195069668
|
| 029 |
1 |
|
|a HEBIS
|b 192593919
|
| 029 |
1 |
|
|a NLC
|b 000003174690
|
| 029 |
1 |
|
|a NLGGC
|b 830019537
|
| 029 |
1 |
|
|a NZ1
|b 3276870
|
| 029 |
1 |
|
|a NZ1
|b 895601
|
| 029 |
1 |
|
|a UKDEL
|b 042458374
|
| 029 |
1 |
|
|a UKMGB
|b 009661319
|
| 029 |
1 |
|
|a UNITY
|b 041357256
|
| 029 |
1 |
|
|a UNITY
|b 042458374
|
| 029 |
1 |
|
|a UNITY
|b 049194410
|
| 029 |
1 |
|
|a UNITY
|b 133304620
|
| 035 |
|
|
|a (OCoLC)ocm06932024
|
| 035 |
|
|
|a (OCoLC)6932024
|z (OCoLC)237840
|z (OCoLC)879470233
|z (OCoLC)976880345
|z (OCoLC)989666732
|z (OCoLC)1128355671
|z (OCoLC)1167357089
|z (OCoLC)1221970535
|z (OCoLC)1229542755
|z (OCoLC)1275985150
|z (OCoLC)1382896720
|
| 035 |
|
|
|a (OCoLC)ocm06932024
|
| 040 |
|
|
|a DLC
|b eng
|c DLC
|d ZYU
|d DLC
|d SER
|d CWR
|d COU
|d UKM
|d MUQ
|d NLGGC
|d AU@
|d DEBBG
|d ZWZ
|d HVC
|d MOF
|d OCLCF
|d JYJ
|d UKMGB
|d CNUTO
|d NETUE
|d CSJ
|d NLC
|d NJR
|d NLM
|d DHA
|d XFF
|d OCLCQ
|d CNO
|d CPO
|d OCLCO
|d IAD
|d OCLCQ
|d CPS
|d OCLCQ
|d L2U
|d OCLCQ
|d CAOXN
|d F@N
|d OCLCQ
|d OCLCA
|d LUN
|d OCLCO
|
| 042 |
|
|
|a premarc
|
| 050 |
0 |
0 |
|a HM132
|b .L3 1966
|
| 055 |
|
1 |
|a HM132
|
| 060 |
0 |
0 |
|a HM 132
|b L187i 1966
|
| 082 |
0 |
|
|a 158.2
|
| 084 |
|
|
|a 302.12
|2 22
|
| 084 |
|
|
|a 77.62
|2 bcl
|
| 084 |
|
|
|a CV 3000
|2 rvk
|
| 100 |
1 |
|
|a Laing, R. D.
|q (Ronald David),
|d 1927-1989.
|
| 245 |
1 |
0 |
|a Interpersonal perception;
|b a theory and a method of research
|c [by] R.D. Laing, H. Phillipson [and] A.R. Lee.
|
| 260 |
|
|
|a London,
|b Tavistock Publications;
|a New York,
|b Springer Pub. Co.
|c [1966]
|
| 300 |
|
|
|a vii, 179 pages
|c 24 cm
|
| 336 |
|
|
|a text
|b txt
|2 rdacontent
|
| 337 |
|
|
|a unmediated
|b n
|2 rdamedia
|
| 338 |
|
|
|a volume
|b nc
|2 rdacarrier
|
| 504 |
|
|
|a Includes bibliographical references (pages 141-142).
|
| 505 |
0 |
|
|a Theory. Self and other -- Interaction and interexperience in dyads -- The spiral of reciprocal perspectives -- Method. Historical review -- The interpersonal perception method (IPM) -- Disturbed and nondisturbed marriages -- The study of a dyad -- Developments -- The IPM questions.
|
| 583 |
|
|
|a commitment to retain
|c 20151204
|2 pda
|5 OTUTLD
|
| 650 |
|
0 |
|a Social perception.
|
| 650 |
|
0 |
|a Interpersonal relations.
|
| 650 |
|
1 |
|a Social perception.
|
| 650 |
|
6 |
|a Perception sociale.
|
| 650 |
|
6 |
|a Relations humaines.
|
| 650 |
|
7 |
|a 77.62 social perception.
|0 (NL-LeOCL)077598059
|2 bcl
|
| 650 |
|
7 |
|a Interpersonal relations.
|2 fast
|0 (OCoLC)fst00977397
|
| 650 |
|
7 |
|a Social perception.
|2 fast
|0 (OCoLC)fst01122709
|
| 650 |
|
7 |
|a Interpersonale Wahrnehmung
|2 gnd
|
| 650 |
1 |
7 |
|a Sociale waarneming.
|2 gtt
|
| 650 |
|
7 |
|a Perception sociale.
|2 ram
|
| 650 |
|
7 |
|a Interaction sociale.
|2 ram
|
| 650 |
|
7 |
|a Relations humaines.
|2 ram
|
| 650 |
|
2 |
|a Interpersonal Relations
|
| 650 |
|
2 |
|a Social Perception
|
| 700 |
1 |
|
|a Phillipson, H.,
|e author.
|
| 700 |
1 |
|
|a Lee, A. R.,
|e author.
|
| 776 |
0 |
8 |
|i Online version:
|a Laing, R.D. (Ronald David), 1927-
|t Interpersonal perception.
|d London, Tavistock Publications; New York, Springer Pub. Co. [1966]
|w (OCoLC)651850046
|
| 948 |
|
|
|h HELD BY TXA - 683 OTHER HOLDINGS
|
| 994 |
|
|
|a Z0
|b TXA
|
| 999 |
f |
f |
|s 085e64fb-13ee-3231-ac4a-989c1c8743de
|i a8dd62f8-1148-3a4e-a2c3-a19e5a9d16ec
|t 0
|
| 952 |
f |
f |
|p ric
|a Texas A&M University
|b Rellis Campus
|c Joint Library Facility
|d Remote Storage
|t 0
|e HM132 .L3 1966
|h Library of Congress classification
|i unmediated -- volume
|m A14800528762
|
| 998 |
f |
f |
|a HM132 .L3 1966
|t 0
|l Remote Storage
|